Enel nešetrí investičnými sľubmi
Záverečná fáza privatizácie Slovenských elektrární (SE), a.s. Bratislava - podpis transakčných dokumentov s talianskym koncernom Enel, na základe ktorých investor získava 66 perc. akcií SE. Plány nového investora o potrebe investičného rozvoja SE. Potreba dostatočných kompetencií na riadenie efektív...
Salvato in:
| Autore principale: | |
|---|---|
| Natura: | Capitolo di libro |
| Lingua: | slovacco |
| Soggetti: | |
| Tags: |
Nessun Tag, puoi essere il primo ad aggiungerne!!
|
MARC
| LEADER | 00000naa$a2200000$$$4500 | ||
|---|---|---|---|
| 001 | 0026248 | ||
| 005 | 20231009081042.2 | ||
| 041 | 0 | |a slo | |
| 044 | |a SK | ||
| 245 | 1 | 0 | |a Enel nešetrí investičnými sľubmi |c Ivan Haluza |
| 520 | |a Záverečná fáza privatizácie Slovenských elektrární (SE), a.s. Bratislava - podpis transakčných dokumentov s talianskym koncernom Enel, na základe ktorých investor získava 66 perc. akcií SE. Plány nového investora o potrebe investičného rozvoja SE. Potreba dostatočných kompetencií na riadenie efektívnosti SE, voľné ruky pri riešení prezamestnanosti. Elektrárne si od investora sľubujú vyriešenie vysokej zadlženosti. | ||
| 610 | 2 | 0 | |a elektrárne |
| 610 | 2 | 0 | |a privatizácia |
| 610 | 2 | 0 | |a investície zahraničné |
| 610 | 2 | 0 | |a rozvoj investičný |
| 610 | 2 | 0 | |a efektívnosť |
| 610 | 2 | 0 | |a prezamestnanosť |
| 610 | 2 | 0 | |a zadlženosť |
| 610 | 2 | 0 | |a Slovenské elektrárne, a.s. Bratislava |
| 100 | 1 | |a Haluza, Ivan | |